[Event "SVK-chT2A 2122"]
[Site "Slovakia"]
[Date "2021.11.14"]
[Round "4.3"]
[White "Lanc, Alois"]
[Black "Janos, Jozef"]
[Result "1-0"]
[WhiteElo "2305"]
[BlackElo "2064"]
[PlyCount "89"]
[EventDate "2021.10.16"]
[EventType "team-tourn"]
[EventRounds "11"]
[EventCountry "SVK"]
[SourceTitle "EXT 2023"]
[Source "ChessBase"]
[SourceDate "2022.10.05"]
[SourceVersion "1"]
[SourceVersionDate "2022.10.05"]
[SourceQuality "1"]
[WhiteTeam "Trnava Sered"]
[BlackTeam "Bratislava Slovan IV"]
[WhiteTeamCountry "SVK"]
[BlackTeamCountry "SVK"]

1. e4 c5 2. Nf3 e6 3. d4 cxd4 4. Nxd4 a6 5. Nc3 Qc7 6. g3 Bb4 7. Nde2 Nf6 8. Bg2 0-0 9. 0-0 d6 10. h3 Nbd7 11. g4 Ne5 12. a3 Bc5 13. Bg5 Ne8 14. Bh4 f6 15. Bg3 Rb8 16. Kh1 b5 17. Qc1 b4 18. Na4 bxa3 19. b3 Bd7 20. Nxc5 Qxc5 21. f4 Nf7 22. Bf2 Qc8 23. Rxa3 Bc6 24. Qe3 Nc7 25. c4 Re8 26. Qc3 Qb7 27. Ng3 d5 28. Bc5 dxc4 29. bxc4 Red8 30. Qe3 Ne8 31. Ba7 Ra8 32. Bb6 Rd7 33. c5 Nc7 34. Re1 Ne8 35. Kh2 h6 36. Bf1 Nc7 37. Bc4 Nb5 38. Rd3 Re8 39. Red1 Rxd3 40. Qxd3 Qb8 41. e5 fxe5 42. Qg6 exf4 43. Nh5 Qe5 44. Re1 f3+ 45. Rxe5 1-0

[Event "SVK-chT2A 2122"]
[Site "Slovakia"]
[Date "2021.10.17"]
[Round "2.3"]
[White "Janos, Jozef"]
[Black "Liptak, Dusan"]
[Result "0-1"]
[WhiteElo "2064"]
[BlackElo "2175"]
[PlyCount "80"]
[EventDate "2021.10.16"]
[EventType "team-tourn"]
[EventRounds "11"]
[EventCountry "SVK"]
[SourceTitle "EXT 2023"]
[Source "ChessBase"]
[SourceDate "2022.10.05"]
[SourceVersion "1"]
[SourceVersionDate "2022.10.05"]
[SourceQuality "1"]
[WhiteTeam "Bratislava Slovan IV"]
[BlackTeam "Cífer"]
[WhiteTeamCountry "SVK"]
[BlackTeamCountry "SVK"]

1. d4 Nf6 2. Nf3 g6 3. g3 Bg7 4. Bg2 0-0 5. 0-0 d6 6. c4 c6 7. Nc3 Qc7 8. e4 e5 9. h3 a6 10. a4 a5 11. Be3 Na6 12. Qd2 exd4 13. Bxd4 Re8 14. Rfe1 Be6 15. Bf1 Nd7 16. Bxg7 Kxg7 17. Red1 Nb6 18. b3 Rad8 19. Rac1 Nc5 20. Qb2 Kg8 21. Rb1 Qe7 22. Nd4 Bc8 23. Qd2 Qf6 24. Re1 Nbd7 25. Re3 Na6 26. Bg2 Nb4 27. Nc2 Nxc2 28. Qxc2 Qg5 29. Rbe1 Qc5 30. Ne2 Qb6 31. Nc1 Nc5 32. e5 Bf5 33. Qc3 dxe5 34. Rxe5 Rxe5 35. Rxe5 Rd1+ 36. Kh2 Ne6 37. Re3 Qd4 38. Ne2 Qxc3 39. Rxc3 Rd2 40. Bf1 Bd3 0-1

[Event "SVK-chT2A 1920"]
[Site "Slovakia"]
[Date "2019.11.16"]
[Round "3.4"]
[White "Janos, Jozef"]
[Black "Brunovsky, Peter"]
[Result "0-1"]
[WhiteElo "2072"]
[BlackElo "1897"]
[PlyCount "72"]
[EventDate "2019.10.26"]
[EventType "team-tourn"]
[EventRounds "11"]
[EventCountry "SVK"]
[SourceTitle "CBM 193 Extra"]
[Source "ChessBase"]
[SourceDate "2020.01.31"]
[SourceVersion "1"]
[SourceVersionDate "2020.01.31"]
[SourceQuality "1"]
[WhiteTeam "Bratislava Slovan IV"]
[BlackTeam "Gbely Nafta"]
[WhiteTeamCountry "SVK"]
[BlackTeamCountry "SVK"]

1. e4 c6 2. d4 d5 3. Nc3 dxe4 4. Nxe4 Nf6 5. Nxf6+ gxf6 6. Bc4 Bf5 7. Ne2 e6 8. Ng3 Bg6 9. Be3 Bd6 10. Qd2 Nd7 11. 0-0-0 Qc7 12. Bd3 0-0-0 13. Ne4 Bxe4 14. Bxe4 f5 15. Bxf5 exf5 16. Qd3 f4 17. Bd2 Nf8 18. g3 Ng6 19. Kb1 Kb8 20. Qc4 Rde8 21. Rde1 Qd7 22. d5 Rxe1+ 23. Rxe1 Re8 24. Rd1 cxd5 25. Qxd5 Qe6 26. Qd3 Bc7 27. Qf1 Qe2 28. Re1 Qxf1 29. Rxf1 Re2 30. Kc1 f3 31. h3 Bb6 32. Be3 Bxe3+ 33. fxe3 Ne5 34. Kd1 Rg2 35. g4 Kc7 36. b3 Kd6 0-1

[Event "SVK-ch 50"]
[Site "Tatranske Matliare"]
[Date "2019.05.29"]
[Round "6"]
[White "Kylar, Miroslav"]
[Black "Janos, Jozef"]
[Result "1/2-1/2"]
[WhiteElo "1923"]
[BlackElo "2114"]
[PlyCount "50"]
[EventDate "2019.05.25"]
[EventType "swiss"]
[EventRounds "9"]
[EventCountry "SVK"]
[SourceTitle "CBM 190 Extra"]
[Source "ChessBase"]
[SourceDate "2019.07.15"]
[SourceVersion "1"]
[SourceVersionDate "2019.07.15"]
[SourceQuality "1"]

1. Nf3 Nf6 2. g3 b6 3. Bg2 Bb7 4. 0-0 e6 5. c4 c5 6. b3 Be7 7. Bb2 0-0 8. Nc3 d6 9. d4 Nbd7 10. e3 a6 11. Qe2 Ne4 12. dxc5 Ndxc5 13. Nxe4 Bxe4 14. Rfd1 Bf6 15. Nd4 Bxg2 16. Kxg2 Qc7 17. Qg4 Rad8 18. Qf3 Nd7 19. Qe2 Rb8 20. f4 b5 21. Rac1 bxc4 22. Qxc4 Qb7+ 23. Qc6 Nc5 24. Qxb7 Rxb7 25. Ba3 Ra8 1/2-1/2

[Event "SVK-ch 50"]
[Site "Tatranske Matliare"]
[Date "2019.05.27"]
[Round "4"]
[White "Janos, Jozef"]
[Black "Profant, Jan1111"]
[Result "1-0"]
[WhiteElo "2114"]
[BlackElo "1871"]
[PlyCount "155"]
[EventDate "2019.05.25"]
[EventType "swiss"]
[EventRounds "9"]
[EventCountry "SVK"]
[SourceTitle "CBM 190 Extra"]
[Source "ChessBase"]
[SourceDate "2019.07.15"]
[SourceVersion "1"]
[SourceVersionDate "2019.07.15"]
[SourceQuality "1"]

1. c4 Nf6 2. Nc3 g6 3. d4 c5 4. d5 e6 5. e4 d6 6. Nf3 Bg7 7. Be2 0-0 8. 0-0 exd5 9. cxd5 a6 10. a4 Re8 11. Nd2 Nbd7 12. Qc2 Rb8 13. Nc4 Nb6 14. Ne3 Qe7 15. Bf3 Nbd7 16. a5 Ne5 17. Be2 Nfg4 18. f3 Nh6 19. Ned1 f5 20. Nf2 fxe4 21. Ncxe4 Nf5 22. Bg5 Qf8 23. Qd1 h6 24. Bd2 Nd4 25. Bc3 Nxe2+ 26. Qxe2 Bd7 27. Rfe1 Bb5 28. Qd1 Rbd8 29. Rc1 Qf7 30. b3 Rf8 31. h3 Qf4 32. Qd2 Qf5 33. Qe3 Rfe8 34. Rcd1 g5 35. Ng4 Qf8 36. Nxe5 Bxe5 37. Bxe5 Rxe5 38. h4 gxh4 39. Kf2 Qg7 40. Qf4 Rg5 41. Nxg5 hxg5 42. Qd2 g4 43. f4 g3+ 44. Kg1 Qg4 45. Re6 Rf8 46. Rde1 Qxf4 47. Qxf4 Rxf4 48. Rxd6 Rb4 49. Rb6 Rd4 50. Rg6+ Kf7 51. Rg5 Kf6 52. Rge5 c4 53. bxc4 Bxc4 54. R5e4 Rxe4 55. Rxe4 Bxd5 56. Rxh4 Kg5 57. Rd4 Bc6 58. Kf1 Bb5+ 59. Ke1 Kf5 60. Kd1 Bc6 61. Rd2 Ke4 62. Rb2 Ke3 63. Ke1 Bb5 64. Rb3+ Kf4 65. Rb4+ Ke3 66. Rg4 Bc6 67. Rxg3+ Kf4 68. Rg7 Ke5 69. Kd2 Kf6 70. Rg3 Ke5 71. Ke3 Kd5 72. Rg5+ Kc4 73. g4 Kb4 74. Re5 b5 75. axb6 a5 76. g5 a4 77. Kd2 Ka3 78. Kc3 1-0

[Event "Bratislava Slovan op"]
[Site "Bratislava"]
[Date "2019.05.06"]
[Round "7"]
[White "Janos, Jozef"]
[Black "Kostolansky, Sebastian Lukas"]
[Result "0-1"]
[WhiteElo "2114"]
[BlackElo "2323"]
[PlyCount "86"]
[EventDate "2019.05.01"]
[EventType "swiss"]
[EventRounds "9"]
[EventCountry "SVK"]
[SourceTitle "CBM 190 Extra"]
[Source "ChessBase"]
[SourceDate "2019.07.15"]
[SourceVersion "1"]
[SourceVersionDate "2019.07.15"]
[SourceQuality "1"]

1. d4 Nf6 2. c4 g6 3. Nc3 Bg7 4. e4 d6 5. Be2 0-0 6. Be3 Nc6 7. h3 e5 8. d5 Nd4 9. Nf3 c5 10. dxc6 Nxe2 11. Qxe2 bxc6 12. 0-0 Qe7 13. Rfd1 Ba6 14. Qd2 Rad8 15. b3 Nh5 16. Rac1 f5 17. Bg5 Bf6 18. exf5 gxf5 19. Bxf6 Qxf6 20. Qg5+ Qxg5 21. Nxg5 Ng7 22. Nf3 Ne6 23. Rd2 Kf7 24. Kh2 Ke7 25. Na4 c5 26. Nc3 Bb7 27. Nd5+ Kd7 28. Rcd1 Nd4 29. Nxd4 cxd4 30. Nb4 a5 31. Nd3 e4 32. Nf4 d3 33. a3 Ba6 34. Rc1 Rb8 35. Rb2 Rfc8 36. Rbb1 a4 37. b4 Bxc4 38. Rxc4 Rxc4 39. Nd5 Ke6 40. Ne3 Rc3 41. Ra1 f4 42. Nd1 Rc2 43. Kg1 d2 0-1

[Event "SVK-chT2A 1718"]
[Site "Slovakia"]
[Date "2017.10.28"]
[Round "1.5"]
[White "Janos, Jozef"]
[Black "Slacky, Stanislav"]
[Result "1/2-1/2"]
[WhiteElo "2127"]
[BlackElo "2150"]
[PlyCount "54"]
[EventDate "2017.10.28"]
[EventType "team-tourn"]
[EventRounds "11"]
[EventCountry "SVK"]
[SourceTitle "EXT 2019"]
[Source "ChessBase"]
[SourceDate "2018.10.10"]
[SourceVersion "1"]
[SourceVersionDate "2018.10.10"]
[SourceQuality "1"]
[WhiteTeam "Bratislava Slovan IV"]
[BlackTeam "Senec"]
[WhiteTeamCountry "SVK"]
[BlackTeamCountry "SVK"]

1. e4 Nf6 2. d3 d5 3. Nd2 Nc6 4. Ngf3 Bg4 5. Be2 dxe4 6. dxe4 e5 7. c3 Bxf3 8. Bxf3 Be7 9. 0-0 0-0 10. Qb3 Na5 11. Qb5 c5 12. Rd1 Qc7 13. Nf1 h6 14. Ne3 b6 15. Nf5 Rfd8 16. Be3 Nb7 17. Qa6 Nd6 18. Nxd6 Rxd6 19. Rxd6 Bxd6 20. a4 Rb8 21. Qc4 Be7 22. h3 Qc6 23. b4 Ne8 24. b5 Qb7 25. Rd1 Nd6 26. Qd5 Qxd5 27. Rxd5 f6 1/2-1/2

[Event "SVK-chT1W 1718"]
[Site "Slovakia"]
[Date "2017.10.21"]
[Round "1.6"]
[White "Mosny, Jaroslav"]
[Black "Janos, Jozef"]
[Result "1/2-1/2"]
[WhiteElo "1894"]
[BlackElo "2116"]
[PlyCount "35"]
[EventDate "2017.10.21"]
[EventType "team-tourn"]
[EventRounds "11"]
[EventCountry "SVK"]
[SourceTitle "CBM 181 Extra"]
[Source "ChessBase"]
[SourceDate "2017.12.12"]
[SourceVersion "1"]
[SourceVersionDate "2017.12.12"]
[SourceQuality "1"]
[WhiteTeam "Trnava Lokomotiva"]
[BlackTeam "Bratislava Slovan II"]
[WhiteTeamCountry "SVK"]
[BlackTeamCountry "SVK"]

1. d4 Nf6 2. Nf3 g6 3. c4 Bg7 4. Nc3 0-0 5. g3 d5 6. cxd5 Nxd5 7. Bg2 Nxc3 8. bxc3 c5 9. 0-0 cxd4 10. cxd4 Nc6 11. e3 Qa5 12. Qb3 Rb8 13. Bd2 Qh5 14. Rac1 Be6 15. Qb1 Rfd8 16. Rc5 f5 17. Rfc1 Bd7 18. Qb3+ 1/2-1/2

[Event "SVK-chT1W 1617"]
[Site "Slovakia"]
[Date "2017.02.25"]
[Round "8.6"]
[White "Miklas, Marian"]
[Black "Janos, Jozef"]
[Result "1-0"]
[WhiteElo "2094"]
[BlackElo "2140"]
[PlyCount "60"]
[EventDate "2016.10.15"]
[EventType "team-tourn"]
[EventRounds "11"]
[EventCountry "SVK"]
[SourceTitle "EXT 2018"]
[Source "ChessBase"]
[SourceDate "2017.10.13"]
[SourceVersion "1"]
[SourceVersionDate "2017.10.13"]
[SourceQuality "1"]
[WhiteTeam "Trnava Lokomotiva"]
[BlackTeam "Bratislava Slovan II"]
[WhiteTeamCountry "SVK"]
[BlackTeamCountry "SVK"]

1. Nf3 Nf6 2. c4 d6 3. g3 e5 4. Bg2 Be7 5. 0-0 0-0 6. Nc3 c6 7. d4 e4 8. Ne1 d5 9. f3 exf3 10. Nxf3 dxc4 11. e4 b5 12. Qc2 h6 13. Bf4 Nbd7 14. Rad1 Qb6 15. Kh1 Bb7 16. Nh4 Rfe8 17. Nf5 Bf8 18. e5 Nd5 19. Ne4 Nxf4 20. Rxf4 c5 21. Ned6 Bxg2+ 22. Qxg2 cxd4 23. Nxe8 Rxe8 24. Rdxd4 Nc5 25. Qd5 Nd3 26. Rf1 Nxe5 27. Re4 Qe6 28. Qxb5 f6 29. Nd4 Qc8 30. Nf3 Qa8 1-0

[Event "SVK-chT2A 1617"]
[Site "Slovakia"]
[Date "2017.02.11"]
[Round "8.5"]
[White "Janos, Jozef"]
[Black "Nemeckay, Rastislav"]
[Result "1-0"]
[WhiteElo "2175"]
[BlackElo "1990"]
[PlyCount "85"]
[EventDate "2016.10.08"]
[EventType "team-tourn"]
[EventRounds "11"]
[EventCountry "SVK"]
[SourceTitle "EXT 2018"]
[Source "ChessBase"]
[SourceDate "2017.10.13"]
[SourceVersion "1"]
[SourceVersionDate "2017.10.13"]
[SourceQuality "1"]
[WhiteTeam "Bratislava Slovan IV"]
[BlackTeam "Osuske II"]
[WhiteTeamCountry "SVK"]
[BlackTeamCountry "SVK"]

1. e4 e5 2. Nf3 Nc6 3. Bc4 Be7 4. 0-0 Nf6 5. Re1 0-0 6. Nc3 d6 7. h3 Na5 8. Bf1 c5 9. a3 Nc6 10. d3 a6 11. Rb1 b5 12. b4 Qc7 13. Bd2 Bb7 14. Nd5 Nxd5 15. exd5 Nd4 16. c4 Bf6 17. Nh2 Bc8 18. Ng4 Bxg4 19. hxg4 g6 20. Rc1 Qb6 21. bxc5 dxc5 22. Rb1 Qd6 23. Re4 Bg7 24. g5 f5 25. gxf6 Rxf6 26. Be3 Rb8 27. Bxd4 cxd4 28. Qb3 Rff8 29. Qb4 Rfd8 30. Qxd6 Rxd6 31. g3 Rdd8 32. Rc1 Bf8 33. Rxe5 Bxa3 34. Ra1 b4 35. c5 b3 36. c6 b2 37. Rb1 Bd6 38. Re2 Rb5 39. Rexb2 Rxd5 40. Bg2 Rc5 41. Rb7 Rc8 42. Rd7 Be5 43. f4 1-0

[Event "SVK-chT1W 1617"]
[Site "Slovakia"]
[Date "2016.12.10"]
[Round "5.7"]
[White "Kostolansky, Sebastian Lukas"]
[Black "Janos, Jozef"]
[Result "1-0"]
[WhiteElo "2081"]
[BlackElo "2140"]
[PlyCount "101"]
[EventDate "2016.10.15"]
[EventType "team-tourn"]
[EventRounds "11"]
[EventCountry "SVK"]
[SourceTitle "EXT 2018"]
[Source "ChessBase"]
[SourceDate "2017.10.13"]
[SourceVersion "1"]
[SourceVersionDate "2017.10.13"]
[SourceQuality "1"]
[WhiteTeam "Bratislava Slovan III"]
[BlackTeam "Bratislava Slovan II"]
[WhiteTeamCountry "SVK"]
[BlackTeamCountry "SVK"]

1. e4 c5 2. Nf3 e6 3. d4 cxd4 4. Nxd4 a6 5. Bd3 Nf6 6. 0-0 d6 7. Nc3 Nbd7 8. Nb3 b5 9. f4 Bb7 10. a3 Nc5 11. Nxc5 dxc5 12. e5 Nd5 13. Qf3 Qb6 14. Be4 0-0-0 15. Rd1 c4+ 16. Kh1 Qc6 17. f5 Rd7 18. fxe6 fxe6 19. Nxd5 Rxd5 20. Bxd5 exd5 21. Bf4 Qe6 22. Qe3 h6 23. Rf1 Be7 24. c3 g5 25. Bg3 h5 26. Be1 h4 27. h3 d4 28. cxd4 g4 29. Kh2 Qd5 30. Qe2 g3+ 31. Kh1 Qxd4 32. Bb4 Bxb4 33. axb4 Re8 34. Rae1 Bd5 35. Rf6 Bb7 36. Rf5 Kb8 37. e6 Qd6 38. Qe5 Qxe5 39. Rfxe5 Kc7 40. Rh5 Kd6 41. Rxh4 a5 42. bxa5 Bd5 43. Rg4 b4 44. Rxg3 Rxe6 45. Rxe6+ Bxe6 46. a6 c3 47. bxc3 b3 48. Re3 b2 49. Re1 Bf5 50. a7 Be4 51. Rb1 1-0

[Event "SVK-chT2A 1617"]
[Site "Slovakia"]
[Date "2016.12.04"]
[Round "6.3"]
[White "Janos, Jozef"]
[Black "Oprea, Erik"]
[Result "1/2-1/2"]
[WhiteElo "2175"]
[BlackElo "2188"]
[PlyCount "126"]
[EventDate "2016.10.08"]
[EventType "team-tourn"]
[EventRounds "11"]
[EventCountry "SVK"]
[SourceTitle "EXT 2018"]
[Source "ChessBase"]
[SourceDate "2017.10.13"]
[SourceVersion "1"]
[SourceVersionDate "2017.10.13"]
[SourceQuality "1"]
[WhiteTeam "Bratislava Slovan IV"]
[BlackTeam "Devinska Nova Ves II"]
[WhiteTeamCountry "SVK"]
[BlackTeamCountry "SVK"]

1. Nf3 d6 2. d4 c6 3. g3 Nf6 4. Bg2 Nbd7 5. 0-0 e5 6. c4 e4 7. Ne1 d5 8. cxd5 cxd5 9. Nc3 Nb6 10. Nc2 Be6 11. b3 Qd7 12. a4 Rc8 13. Bd2 a6 14. a5 Na8 15. Na4 Bh3 16. Ne3 Bd6 17. b4 h5 18. f3 Bxg2 19. Kxg2 h4 20. Rh1 Rh6 21. Nc5 Bxc5 22. bxc5 Rg6 23. Kf2 Rc6 24. Qb3 Rc8 25. Ng2 Ng8 26. Nxh4 Rf6 27. Rab1 Rb8 28. Bg5 Rc6 29. Ng2 Nc7 30. Bf4 Ne7 31. Ne3 Qe6 32. h4 Rc8 33. h5 Nb5 34. Rbd1 Rd8 35. g4 Nxd4 36. Qb2 Nb5 37. Qxg7 d4 38. Ng2 Rxc5 39. h6 Ng6 40. h7 Kd7 41. Kg3 Rc2 42. h8Q Rxh8 43. Rxh8 Nxh8 44. Rxd4+ Nxd4 45. Qxd4+ Ke7 46. Ne3 Qc6 47. Bd6+ Qxd6+ 48. Qxd6+ Kxd6 49. Nxc2 exf3 50. Kxf3 Ng6 51. Ke4 Ne5 52. Kf5 Nc4 53. Kf6 Nxa5 54. Kxf7 Nc6 55. g5 b5 56. Kf6 Ne5 57. Kf5 Nf7 58. g6 Nh6+ 59. Kf6 a5 60. e4 Kd7 61. Na3 b4 62. Nc4 b3 63. Nb2 Ke8 1/2-1/2

[Event "SVK-chT1W 1617"]
[Site "Slovakia"]
[Date "2016.10.15"]
[Round "1.7"]
[White "Janos, Jozef"]
[Black "Amrich, Martin"]
[Result "1-0"]
[WhiteElo "2140"]
[BlackElo "1999"]
[PlyCount "187"]
[EventDate "2016.10.15"]
[EventType "team-tourn"]
[EventRounds "11"]
[EventCountry "SVK"]
[SourceTitle "CBM 175 Extra"]
[Source "ChessBase"]
[SourceDate "2016.12.12"]
[SourceVersion "1"]
[SourceVersionDate "2016.12.12"]
[SourceQuality "1"]
[WhiteTeam "Bratislava Slovan II"]
[BlackTeam "Nitra ASK"]
[WhiteTeamCountry "SVK"]
[BlackTeamCountry "SVK"]

1. Nf3 Nf6 2. d4 g6 3. g3 Bg7 4. Bg2 d6 5. c4 0-0 6. 0-0 Na6 7. Nc3 c5 8. d5 Nc7 9. e4 Bg4 10. h3 Bxf3 11. Bxf3 Nd7 12. Bg2 Rb8 13. a4 a6 14. Qe2 b6 15. h4 Rb7 16. Bh3 Nf6 17. f4 Nh5 18. Kh2 Qb8 19. g4 Nf6 20. e5 dxe5 21. fxe5 Nd7 22. Bf4 e6 23. d6 Ne8 24. g5 Bh8 25. Rad1 Ng7 26. Bg4 Re8 27. Kh3 Nf5 28. Rf2 Nd4 29. Qe4 b5 30. axb5 axb5 31. Rxd4 cxd4 32. Nxb5 Rxb5 33. cxb5 Qxb5 34. Re2 d3 35. Rd2 Rb8 36. Qxd3 Qxd3+ 37. Rxd3 Rxb2 38. Re3 Rb5 39. Bf3 Rc5 40. Ra3 Bxe5 41. Be3 Rc2 42. Be4 Rh2+ 43. Kg4 h5+ 44. Kf3 Bxd6 45. Ra8+ Kg7 46. Bd4+ Be5 47. Bf2 Rh3+ 48. Kg2 Rb3 49. Ra7 Nf8 50. Bc6 Rc3 51. Be4 Rc7 52. Ra5 Bc3 53. Ra3 Nd7 54. Rxc3 Rxc3 55. Bd4+ e5 56. Bxc3 f6 57. Bc6 Nc5 58. Kf3 Ne6 59. gxf6+ Kxf6 60. Ke4 g5 61. Bxe5+ Ke7 62. hxg5 Nxg5+ 63. Kf5 Nf7 64. Bf6+ Kd6 65. Bf3 Kc5 66. Be7+ Kd4 67. Bxh5 Nh6+ 68. Kg6 Ng8 69. Bd8 Ke5 70. Kg7 Kd5 71. Kxg8 Ke5 72. Kf7 Kd5 73. Kf6 Kd4 74. Bf3 Ke3 75. Bc6 Kd4 76. Bb6+ Kc4 77. Ke5 Kd3 78. Bb5+ Kc3 79. Ba5+ Kc2 80. Kd4 Kb3 81. Bc3 Kc2 82. Ba4+ Kc1 83. Kd3 Kb1 84. Bb3 Kc1 85. Bd4 Kb1 86. Kc3 Kc1 87. Be3+ Kb1 88. Bc2+ Ka2 89. Bd3 Ka3 90. Bb5 Ka2 91. Kc2 Ka1 92. Kb3 Kb1 93. Bd3+ Ka1 94. Bd4# 1-0

[Event "SVK-chT1W 1516"]
[Site "Slovakia"]
[Date "2016.02.21"]
[Round "9.4"]
[White "Janos, Jozef"]
[Black "Janko, Michal"]
[Result "1/2-1/2"]
[WhiteElo "2133"]
[BlackElo "2258"]
[PlyCount "31"]
[EventDate "2015.10.24"]
[EventType "team-tourn"]
[EventRounds "11"]
[EventCountry "SVK"]
[SourceTitle "EXT 2017"]
[Source "ChessBase"]
[SourceDate "2016.10.25"]
[SourceVersion "1"]
[SourceVersionDate "2016.10.25"]
[SourceQuality "1"]
[WhiteTeam "Bratislava Slovan II"]
[BlackTeam "Gabcikovo"]
[WhiteTeamCountry "SVK"]
[BlackTeamCountry "SVK"]

1. d4 g6 2. e4 Bg7 3. Nf3 d6 4. Nc3 a6 5. a4 b6 6. Be3 Bb7 7. Bd3 e6 8. 0-0 Ne7 9. Qd2 h6 10. Rfe1 Nd7 11. h3 Kf8 12. Bc4 Kg8 13. Rad1 Kh7 14. Qe2 Qb8 15. h4 Rf8 16. h5 1/2-1/2

[Event "SVK-chT1W 1516"]
[Site "Slovakia"]
[Date "2015.10.25"]
[Round "2.2"]
[White "Janos, Jozef"]
[Black "Banas, Jan"]
[Result "1-0"]
[WhiteElo "2133"]
[BlackElo "2275"]
[PlyCount "65"]
[EventDate "2015.10.24"]
[EventType "team-tourn"]
[EventRounds "11"]
[EventCountry "SVK"]
[SourceTitle "CBM 170 Extra"]
[Source "ChessBase"]
[SourceDate "2016.02.25"]
[SourceVersion "1"]
[SourceVersionDate "2016.02.25"]
[SourceQuality "1"]
[WhiteTeam "Bratislava Slovan II"]
[BlackTeam "Nitra Trogar"]
[WhiteTeamCountry "SVK"]
[BlackTeamCountry "SVK"]

1. e4 c5 2. d3 Nc6 3. Nf3 g6 4. Be3 Bg7 5. c3 d6 6. Nbd2 Nf6 7. h3 0-0 8. Be2 b5 9. 0-0 b4 10. d4 bxc3 11. bxc3 cxd4 12. cxd4 d5 13. e5 Ne4 14. Qc2 Nxd2 15. Nxd2 Qb6 16. Nb3 Bf5 17. Qd2 Rfc8 18. Rfc1 Rab8 19. g4 Bd7 20. Nc5 Be8 21. Kg2 e6 22. Ba6 Rc7 23. Rab1 Qxb1 24. Rxb1 Rxb1 25. Nb3 f6 26. Bd3 Rxb3 27. axb3 fxe5 28. dxe5 Nxe5 29. Be2 Rb7 30. Qa2 Nf7 31. Bxa7 e5 32. Bc5 e4 33. Qa8 1-0